000 01002nam a2200277Ia 4500
003 OSt
005 20221005103314.0
006 a|||||r|||| 00| 0
007 ta
008 221004b |||||||| |||| 00| 0 hin d
020 _a9789381923894 (hbk)
_cIndian Rupees 225
024 _a33869
037 _bGift, 05/10/2017,
_cTextual
040 _aCRL
_cCRL
_bhin
041 _2hin
_ahin
082 _aO152,1N68x, Q5
100 _aपटेल, बहादुर, ले.
245 0 _aसारा नमक वहीं से आता है
246 _aSārā namak vahīan se ātā hai
260 _aग़ाज़ियाबाद
_bअंतिका प्रकाशन भारत
_c2015
300 _a96पृ0
_ccm.
650 _a हिन्दी साहित्य
650 _aहिन्दी कविता
942 _hO152,1N68x, Q5
_cTEXL
_2cc
999 _c1009812
_d1009812